Manual de derecho minero venezolano / (Record no. 12464)
[ view plain ]
| 000 -CABECERA | |
|---|---|
| campo de control de longitud fija | 00839cam a2200241 a 4500 |
| 001 - NÚMERO DE CONTROL | |
| campo de control | 000012814 |
| 005 - FECHA Y HORA DE LA ÚLTIMA TRANSACCIÓN | |
| campo de control | 20200929163059.0 |
| 008 - DATOS DE LONGITUD FIJA--INFORMACIÓN GENERAL | |
| campo de control de longitud fija | 830725s1974 ve b 000 0 spa |
| 010 ## - NÚMERO DE CONTROL DE LA BIBLIOTECA DEL CONGRESO | |
| Número de control de LC | 82230300 |
| 040 ## - FUENTE DE LA CATALOGACIÓN | |
| Centro catalogador/agencia de origen | DO-SdBNP |
| Lengua de catalogación | spa |
| Centro/agencia modificador | BNPHU |
| 082 ## - NÚMERO DE LA CLASIFICACIÓN DECIMAL DEWEY | |
| Número de clasificación | xx |
| Número de documento/Ítem | D946m, 1974 |
| 100 1# - ENTRADA PRINCIPAL--NOMBRE DE PERSONA | |
| Nombre de persona | Duque Sánchez, José Román, |
| Fechas asociadas al nombre | 1914- |
| 9 (RLIN) | 29622 |
| 245 10 - MENCIÓN DE TÍTULO | |
| Título | Manual de derecho minero venezolano / |
| Mención de responsabilidad, etc. | José Román Duque Sánchez. |
| 250 ## - MENCIÓN DE EDICIÓN | |
| Mención de edición | 2a ed. |
| 260 ## - PUBLICACIÓN, DISTRIBUCIÓN, ETC. | |
| Lugar de publicación, distribución, etc. | Caracas : |
| Nombre del editor, distribuidor, etc. | Universidad Católica Andrés Bello, |
| Fecha de publicación, distribución, etc. | [1974]. |
| 300 ## - DESCRIPCIÓN FÍSICA | |
| Extensión | 351 p. ; |
| Dimensiones | 22 cm. |
| 490 1# - MENCIÓN DE SERIE | |
| Mención de serie | Universidad Católica Andrés Bello |
| 490 1# - MENCIÓN DE SERIE | |
| Mención de serie | Manuales de Derecho |
| 504 ## - NOTA DE BIBLIOGRAFÍA, ETC. | |
| Nota de bibliografía, etc. | Incluye bibliografía |
| 650 #4 - PUNTO DE ACCESO ADICIONAL DE MATERIA--TÉRMINO DE MATERIA | |
| Término de materia o nombre geográfico como elemento de entrada | Derecho minero |
| Subdivisión geográfica | Venezuela |
| 9 (RLIN) | 29623 |
| 650 #4 - PUNTO DE ACCESO ADICIONAL DE MATERIA--TÉRMINO DE MATERIA | |
| Término de materia o nombre geográfico como elemento de entrada | Derecho minero |
| Subdivisión general | Legislación |
| 9 (RLIN) | 29624 |
| 830 #0 - PUNTO DE ACCESO ADICIONAL DE SERIE-TÍTULO UNIFORME | |
| Título uniforme | Universidad Católica Andrés Bello ; |
| Nombre de parte o sección de la obra | Manuales de Derecho |
| 9 (RLIN) | 29625 |
| Estado de retiro | Estado de pérdida | Restricciones de uso | No para préstamo | Código de colección | Localización permanente | Ubicación/localización actual | Ubicación en estantería | Fecha de adquisición | Número de inventario | Total de préstamos | Signatura topográfica completa | Código de barras | Fecha visto por última vez | Precio válido a partir de | Tipo de ítem Koha |
|---|---|---|---|---|---|---|---|---|---|---|---|---|---|---|---|
| Préstamo interno | Monografías: Libros y Folletos | General | General | En catalogación | 17.11.2009 | LF1 | xx D946m, 1974 | 12814-10 | 25.06.2020 | 25.06.2020 | Préstamo interno |
